000 00966nam a2200301 a 4500
001 30688
003 BD-RjUL
005 20211209051613.0
008 140410s1977 ii b 001 0 eng
035 _a(BD-RjUL)30775
040 _aLC
_beng
_cLC
_dABN-SNR
_dBD-RjUL
041 _aeng
082 0 4 _a181.43
_bBII 1977
100 1 _aBijalwan, C. D.,
_d1932-
_993221
245 1 0 _aIndian theory of knowledge based upon Jayanta's Nyayamanjari /
_cC. D. Bijalwan.
250 _a1st ed.
260 _aNew Delhi :
_bHeritage Publishers,
_c1977.
300 _axviii, 288 p. ;
_c23 cm.
500 _aA revision of the author's thesis, University of Delhi, 1972.
504 _aIncludes bibliographical references and index.
600 0 0 _aJayanta Bhatta,
_dactive 850-910.
_993222
650 0 _aKnowledge, Theory of.
_993223
650 0 _aPhilosophy, Indic.
_993224
650 0 _aNyaya.
_991085
942 _2ddc
_cBK
999 _c30688
_d30688